Boletín indigenista : marzo de 1961 /

Сохранить в:
Библиографические подробности
Другие авторы: León-Portilla, Miguel (dirección) (dirección)
Формат:
Язык:испанский
Предметы:
Метки: Добавить метку
Нет меток, Требуется 1-ая метка записи!

MARC

LEADER 00000nam^a2200000^a^4500
001 000138854
005 20250521000000.0
009 20260310095443.137
037 |a Acervo ITESO - Biblioteca 
041 |a ESP 
082 |a 300. 5  |b IND 1961 V. 21 T. 1 
240 1 1 |a [Boletín indigenista] 
245 0 0 |a Boletín indigenista :  |b marzo de 1961 /  |c Dir. de M. León-Portilla. 
264 |a México :  |b Instituto Indigenista Interamericano,  |c 1961 
300 |a 79 p. 
336 |a texto  |b txt  |2 rdacontenido 
337 |a sin mediación  |b n  |2 rdamedio 
338 |a volumen  |b nc  |2 rdasoporte 
546 |a Edición bilingüe español-inglés 
649 |a XX 
650 |a Indigenismo -  |x Publicaciones Periódicas Mexicanas 
650 |a Educación y Promoción Popular -  |z México -  |x Informes 
650 |a Instituciones de Difusión de la Cultura -  |x Informes 
650 |a América -  |x Bibliografías 
700 |a León-Portilla, Miguel  |e (dirección) 
910 |a Fondo Salvador Reynoso Reynoso 
920 |a Impresos - Libros 
930 |a Fondos Especiales 
905 |a 112 
901 |a 0800014727  |b IT2  |c ESP  |u 20250521 
901 |a 0800014726  |b IT2  |c ESP  |u 20250521 
902 |a https://opac.biblio.iteso.mx/vufind/Record/000138854